[Event "Titled Tuesday intern op 30th Apr Early"]
[Site "Chess.com INT"]
[Date "2024.04.30"]
[Round "1"]
[White "Arhan, Chethan Anand"]
[Black "Annaberdiyev, Serdar"]
[Result "1-0"]
[WhiteElo "2366"]
[BlackElo "2121"]
[PlyCount "75"]
[EventDate "2024.04.30"]
[EventType "swiss (blitz)"]
[EventRounds "11"]
[EventCountry "USA"]
[SourceTitle "CBM 220 Extra"]
[Source "ChessBase"]
[SourceDate "2024.07.31"]
[SourceVersion "1"]
[SourceVersionDate "2024.07.31"]
[SourceQuality "1"]

1. Nf3 Nf6 2. g3 g6 3. Bg2 Bg7 4. c4 0-0 5. 0-0 d6 6. Nc3 c6 7. d4 Qa5 8. e4 Qh5 9. Ng5 Qxd1 10. Rxd1 a5 11. e5 Ne8 12. Re1 h6 13. Nf3 Bg4 14. h3 Bxf3 15. Bxf3 e6 16. Bg2 d5 17. cxd5 cxd5 18. Na4 Nc6 19. Be3 Nc7 20. Rac1 Nb5 21. Red1 f6 22. Bf1 Nbxd4 23. Bxd4 Nxd4 24. Rxd4 fxe5 25. Rd2 e4 26. Nb6 Rad8 27. Rc7 Rf7 28. Rc5 Bf6 29. Rxa5 Bg5 30. Rc2 e3 31. f4 Bf6 32. Kg2 g5 33. f5 exf5 34. Nxd5 Bg7 35. Bc4 Rfd7 36. Nf6+ Kh8 37. Nxd7 Rxd7 38. Rxf5 1-0